Online
Catalog

Manual de económia domestica : (Record no. 30896)

MARC details
000 -CABECERA
campo de control de longitud fija 00580nam a2200145 a 4500
001 - NÚMERO DE CONTROL
campo de control 000031404
005 - FECHA Y HORA DE LA ÚLTIMA TRANSACCIÓN
campo de control 20200930062915.0
008 - DATOS DE LONGITUD FIJA--INFORMACIÓN GENERAL
campo de control de longitud fija 110620s1938 dr r 000 | spa d
040 ## - FUENTE DE LA CATALOGACIÓN
Centro catalogador/agencia de origen DO-SdBNP
Lengua de catalogación spa
Centro/agencia transcriptor BNPHU
082 ## - NÚMERO DE LA CLASIFICACIÓN DECIMAL DEWEY
Número de clasificación xxxx
Número de documento/Ítem O74m
100 1# - ENTRADA PRINCIPAL--NOMBRE DE PERSONA
Nombre de persona Ornes de Perelló, Amanda
9 (RLIN) 57821
245 10 - MENCIÓN DE TÍTULO
Título Manual de económia domestica :
Resto del título desarrollo del programa oficial de las escuelas de economía domestica de la República Dominicana /
Mención de responsabilidad, etc. Amanda Ornes de Perelló.
260 ## - PUBLICACIÓN, DISTRIBUCIÓN, ETC.
Lugar de publicación, distribución, etc. Santiago de los Caballeros, República Dominicana :
Nombre del editor, distribuidor, etc. Imprenta la Información,
Fecha de publicación, distribución, etc. 1938.
300 ## - DESCRIPCIÓN FÍSICA
Extensión v. ;
Dimensiones 17 cm.
Holdings
Estado de retiro Estado de pérdida Restricciones de uso No para préstamo Código de colección Localización permanente Ubicación/localización actual Ubicación en estantería Fecha de adquisición Número de inventario Total de préstamos Signatura topográfica completa Código de barras Fecha visto por última vez Precio válido a partir de Tipo de ítem Koha Nota pública
      Excluido de préstamo Raros y valiosos Patrimonio Dominicano Patrimonio Dominicano Depósito 20.06.2011 LF1   v.1 31404-10 25.06.2020 25.06.2020 No se presta Perteneció a la biblioteca personal de Federico Henríquez y Carvajal. Dedicado por la autora
      Excluido de préstamo Raros y valiosos Patrimonio Dominicano Patrimonio Dominicano Depósito 30.06.2011 LF1   v.1 e.2 31404-20 25.06.2020 25.06.2020 No se presta Perteneció a la biblioteca personal de Martínez Boog. Dedicado por el autor.
      Excluido de préstamo Raros y valiosos Patrimonio Dominicano Patrimonio Dominicano Depósito 01.07.2011 LF1   v.4 31404-30 25.06.2020 25.06.2020 No se presta Perteneció a la biblioteca personal de Federico Henríquez y Carvajal.

Powered by Koha